LEADER 00933nam0-2200325---450- 001 990010029880403321 005 20160120104429.0 010 $a978-88-428-1654-6 035 $a001002988 035 $aFED01001002988 035 $a(Aleph)001002988FED01 035 $a001002988 100 $a20160120d2011----km-y0itay50------ba 101 0 $aita 102 $aIT 105 $a--------001yy 200 1 $aQuando eravamo froci$egli omosessuali nell'Italia di una volta$fAndrea Pini 210 $aMilano$cil Saggiatore$d2011 215 $a384 p.$a[16] p. di tav.$cill.$d22 cm 225 1 $a<>cultura$v725 610 0 $aOmosessuali$aItalia$a1945-1970$aStorie di vita 610 0 $aOmosessualità$aItalia$a1945-1970 676 $a306.766 700 1$aPini,$bAndrea 801 0$aIT$bUNINA$gRICA$2UNIMARC 901 $aBK 912 $a990010029880403321 952 $a306.766 PIN 1$b2237$fBFS 959 $aBFS 997 $aUNINA LEADER 01236nas 2200421- 450 001 9910503397303321 005 20230505213019.0 035 $a(CKB)5300000000021461 035 $a(CONSER)--2014218855 035 $a(OCoLC)10470909 035 $a(EXLCZ)995300000000021461 100 $a20141231b18741881 k-- a 101 0 $aeng 135 $aur||||||||||| 181 $ctxt$2rdacontent 182 $cc$2rdamedia 183 $acr$2rdacarrier 200 00$aBradford opinion 210 1$aBradford, Vermont :$cBen F. Stanton,$d1874- 215 $a1 online resource 300 $aRepublican. Cf. Rowell, 1874-1877. 300 $aEditor: B.F. Stanton, 1874- . 300 $aPublisher: Orange County Publishing Co., . 311 $a2376-8193 517 1 $aOpinion, 607 $aBradford (Vt.)$vNewspapers 607 $aOrange County (Vt.)$vNewspapers 607 $aVermont$vNewspapers 607 $aVermont$2fast 607 $aVermont$zBradford$2fast 607 $aVermont$zOrange County$2fast 608 $aNewspapers.$2fast 676 $a071 701 $aStanton$b Benjamin F$0846474 906 $aJOURNAL 912 $a9910503397303321 996 $aBradford opinion$91894437 997 $aUNINA